书目信息 |
| 题名: |
艾滋病防治实用手册
|
|
| 作者: | 汪华 主编 | |
| 分册: | ||
| 出版信息: | 上海 上海科学技术文献出版社 2004 |
|
| 页数: | 194页 | |
| 开本: | 21cm | |
| 丛书名: | 传染病防治丛书 | |
| 单 册: | ||
| 中图分类: | R512.91-62 | |
| 科图分类: | ||
| 主题词: | 艾滋病--防治--手册 | |
| 电子资源: | ||
| ISBN: | 7-5439-2398-X | |
| 000 | 00940nam0 2200253 450 | |
| 001 | TS2006038171 | |
| 005 | 20070116144035.76 | |
| 010 | @a7-5439-2398-X@dCNY10.00 | |
| 100 | @a20060829d2004 em y0chiy0120 ea | |
| 101 | 0 | @achi |
| 102 | @aCN@b310000 | |
| 105 | @aa a 000yy | |
| 200 | 1 | @a艾滋病防治实用手册@AAi Zi Bing Fang Zhi Shi Yong Shou Ce@f汪华主编@FWang Hua Zhu Bian |
| 210 | @a上海@c上海科学技术文献出版社@d2004 | |
| 215 | @a194页@c表格@d21cm | |
| 225 | 2 | @a传染病防治丛书 |
| 320 | @a每章后面有书目 | |
| 330 | @a本书共分七章,分别从艾滋病的流行病学、艾滋病对社会经济的影响、AID的诊断和治疗、HIV感染的实验室检测及抗体检测前后的咨询、艾滋病预防和控制策略、艾滋病性病的健康教育与健康促进、行为干预等方面进行了系统的阐述。 | |
| 410 | 0 | @12001 @a传染病防治丛书 |
| 606 | 0 | @a艾滋病@x防治@x手册 |
| 690 | @aR512.91-62@v4 | |
| 701 | 0 | @a汪华@AWang Hua@4主编 |
| 801 | 0 | @aCN@b中图数据@c20070116 |
| 905 | @a10447@dR512.91-62@e94 | |
| 艾滋病防治实用手册/汪华主编.-上海:上海科学技术文献出版社,2004 |
| 194页:表格;21cm.-(传染病防治丛书) |
| ISBN 7-5439-2398-X:CNY10.00 |
| 本书共分七章,分别从艾滋病的流行病学、艾滋病对社会经济的影响、AID的诊断和治疗、HIV感染的实验室检测及抗体检测前后的咨询、艾滋病预防和控制策略、艾滋病性病的健康教育与健康促进、行为干预等方面进行了系统的阐述。 |
| ● |
| 相关链接 |
|
|
|
|
正题名:艾滋病防治实用手册
索取号:R512.91-62/94
 
预约/预借
| 序号 | 登录号 | 条形码 | 馆藏地/架位号 | 状态 | 备注 |
| 1 | 0601856 | 206018566 | 第二样本阅览室/ [索取号:R512.91-62/94] | 在馆 | |
| 2 | 0601857 | 206018575 | 教育系资料室/ [索取号:R512.91-62/94] | 在馆 | |
| 3 | 0601858 | 206018584 | 第三借阅区/ [索取号:R512.91-62/94] | 在馆 | |
| 4 | 0601859 | 206018593 | 第三借阅区/ [索取号:R512.91-62/94] | 在馆 | |
| 5 | 0601860 | 206018600 | 教育系资料室/ [索取号:R512.91-62/94] | 在馆 |